000
00234 a2200097 4500
001
25323
100
_a
Furrer, W
245
_a
Room and Building Acoustics and Noise Abatement
260
_a
_b
Butterworths
_c
1964
090
_c
17087
_d
17087
942
_a
NUST-CAE
_c
M
_c
7877
999
_c
260396
_d
260396